[Event "Titled Tue 14th Mar Early"]
[Site "chess.com INT"]
[Date "2023.03.14"]
[Round "5"]
[White "Nakamura, Hi"]
[Black "Lenderman, A."]
[Result "1-0"]
[WhiteElo "2768"]
[BlackElo "2572"]
[PlyCount "143"]
[EventDate "2023.03.14"]

1. Nf3 d5 2. b3 Nf6 3. Bb2 e6 4. e3 Be7 5. c4 O-O 6. d4 c5 7. dxc5 Bxc5 ({RR} 7... dxc4 8. Bxc4 Qxd1+ 9. Kxd1 Bxc5 10. Ke2 Bd7 11. Rc1 Rc8 12. Bd3 Bc6 13. Ne5 Nbd7 14. Nxc6 Rxc6 15. Nd2 Rac8 16. a3 Bd6 17. Rxc6 Rxc6 18. Rc1 Rxc1 19. Bxc1 Kf8 20. g3 Nd5 21. Be4 Nc3+ 22. Kd3 {Topalov,V (2798)-Anand,V (2804) Stavanger 2015 ½-½ (46)}) 8. Nbd2 Nc6 ({RR} 8... dxc4 9. Bxc4 b6 10. Qc2 Bb7 11. Rd1 Nbd7 12. Ng5 Qe7 13. Ndf3 Rfd8 14. O-O h6 15. Nh3 Rac8 16. Qe2 Bd6 17. Nf4 Bb8 18. Nd4 Ne5 19. Ba6 Bxa6 20. Qxa6 Nc6 21. Rc1 Qd7 22. Nxc6 Rxc6 23. Rxc6 {Deac,B (2690)-Tabatabaei,M (2696) chess.com INT 2024 ½-½ (58)}) 9. cxd5 ({RR} 9. a3 Be7 10. b4 dxc4 11. Bxc4 a6 12. Rc1 b5 13. Be2 Bb7 14. O-O Rc8 15. Nb3 Qxd1 16. Rfxd1 Rfd8 17. Nfd4 Nxd4 18. Bxd4 Rxc1 19. Rxc1 Rc8 20. Ra1 Bd5 21. Nc5 Bxc5 22. bxc5 Nd7 23. Rc1 e5 {Nakamura,H (2780)-Kravtsiv,M (2598) chess.com INT 2023 0-1 (51)}) 9... exd5 10. Bb5 $146 ({RR} 10. Rc1 Bb6 11. Be2 d4 12. Nxd4 Nxd4 13. Bxd4 Bxd4 14. exd4 Qxd4 15. O-O Be6 16. Nc4 Rad8 17. Qxd4 Rxd4 18. Rfd1 Rxd1+ 19. Rxd1 {½-½ (19) Lintchevski,D (2555)-Azarov,S (2618) Moscow 2012}) 10... Bd6 11. O-O Qe7 12. Rc1 Bd7 13. Nd4 Rac8 14. Be2 Rfd8 15. Nb5 Bb8 16. Ba3 Nb4 17. Nf3 a5 18. Nfd4 Ne4 19. Bb2 Nxa2 20. Rxc8 Rxc8 21. Qa1 Nb4 22. Qxa5 Nc6 23. Qa1 Qh4 24. f4 Qe7 25. Re1 Nxd4 26. Bxd4 f6 27. Rc1 Rc6 28. Nc3 Nxc3 29. Rxc3 Rxc3 30. Qxc3 Bc6 31. Kf2 Bd6 32. Bf3 Bb4 33. Qd3 Qe6 34. g4 Bd6 35. h4 h6 36. h5 Bf8 37. Qc3 Qd7 38. Qc2 Qe6 39. Qd3 Qd7 40. Bc3 Qe6 41. b4 Qd7 42. b5 Bxb5 43. Qxd5+ Qxd5 44. Bxd5+ Kh8 45. Bxb7 Bd7 46. Bf3 Be6 47. Bd4 Kg8 48. e4 Kf7 49. Be2 Bd6 50. Be3 Bb4 51. Kf3 Bd6 52. Bd3 Bb4 53. Bc2 Bd6 54. Ba4 Bb4 55. Bc6 Bd6 56. Bd5 Ke7 57. Bxe6 Kxe6 58. Ke2 Bc7 59. Kd3 Bd6 60. Kd4 Bc7 61. f5+ Kd7 62. Kd5 Bd6 63. Bd4 Bf8 64. e5 fxe5 65. Bxe5 Ke7 66. Bd6+ Kf7 67. Bxf8 Kxf8 68. Ke6 Kg8 69. f6 gxf6 70. Kxf6 Kh7 71. Kf7 Kh8 72. Kg6 1-0

[Event "Titled Tue 14th Mar Early"]
[Site "chess.com INT"]
[Date "2023.03.14"]
[Round "6"]
[White "Yu Yangyi"]
[Black "Sarana, A."]
[Result "1-0"]
[WhiteElo "2729"]
[BlackElo "2668"]
[PlyCount "51"]
[EventDate "2023.03.14"]

1. Nf3 d5 2. g3 Nf6 3. Bg2 g6 4. c4 c6 5. Qa4 Nbd7 6. cxd5 Nxd5 ({RR} 6... Nb6 7. Qc2 cxd5 8. d3 Bg7 9. O-O O-O 10. Nc3 Bg4 11. Qb3 d4 12. Nb5 Ne8 13. Bd2 Be6 14. Qb4 Bd5 15. Rfc1 e5 16. Qa5 a6 17. Na3 Nf6 18. Nc2 e4 19. dxe4 Nxe4 20. Bb4 Nc4 21. Qxd8 {Almasi,Z (2694)-Van Wely,L (2650) Linares 2014 ½-½ (37)}) ({RR} 6... cxd5 7. O-O Bg7 8. d4 O-O 9. Nc3 Nb6 10. Qb3 Ne4 11. Bf4 Nxc3 12. Qxc3 Bg4 13. Rac1 Rc8 14. Qd3 Qd7 15. Ne5 Bxe5 16. Bxe5 Nc4 17. b3 Bf5 18. Qd1 Nxe5 19. dxe5 Rxc1 20. Qxc1 Rc8 21. Qa3 {Frayna,J (2197)-Adireddy,A (2415) Bangalore IND 2024 ½-½ (70)}) 7. O-O Bg7 8. d4 $146 ({RR} 8. d3 O-O 9. Nbd2 N7b6 10. Qc2 Be6 11. a3 Qc8 12. Ng5 Bg4 13. Re1 h6 14. Nge4 Bh3 15. Bh1 Nd7 16. Nf3 N7f6 17. Nxf6+ Nxf6 18. Bd2 Qf5 19. Bc3 Rad8 20. b4 Rfe8 21. Qb2 a6 22. a4 Bg4 {Bruzon Batista,L (2640)-Sarana,A (2656) Chess.com INT 2020 ½-½ (61)}) 8... O-O 9. e4 N5b6 10. Qc2 e5 11. Bg5 Qe8 12. Rd1 exd4 13. Nxd4 Ne5 14. Nc3 Bg4 15. Re1 c5 16. Ndb5 Qc6 17. a4 Nf3+ 18. Bxf3 Bxf3 19. Qd3 Bg4 20. Nd5 Kh8 21. Be7 c4 22. Qd2 Rg8 23. Nd6 Be6 24. Nf6 Rgd8 25. Bxd8 Rxd8 26. Nxf7+ 1-0

[Event "Titled Tue 14th Mar Early"]
[Site "chess.com INT"]
[Date "2023.03.14"]
[Round "7"]
[White "Nakamura, Hi"]
[Black "Nguyen Ngoc Truong Son"]
[Result "1-0"]
[WhiteElo "2768"]
[BlackElo "2645"]
[PlyCount "139"]
[EventDate "2023.03.14"]

1. Nf3 Nf6 2. b3 g6 3. Bb2 Bg7 4. d4 O-O 5. e3 d6 6. Be2 Re8 7. O-O Nbd7 8. c4 c6 9. b4 Qc7 ({RR} 9... e5 10. c5 e4 11. Nfd2 d5 12. b5 Nf8 13. Nc3 h5 14. a4 Bf5 15. a5 a6 16. bxc6 bxc6 17. Na4 Ng4 18. Nb6 Ra7 19. h3 Nh6 20. Re1 Nh7 21. Nf1 Qh4 22. Ng3 Be6 23. Qa4 Rc7 24. Bxa6 {Nakamura,H (2794)-Firouzja,A (2737) chess.com INT 2024 ½-½ (47)}) 10. c5 Nd5 $146 ({RR} 10... a5 11. a3 d5 12. b5 Ne4 13. Qc2 e5 14. bxc6 bxc6 15. Nbd2 exd4 16. Nxe4 d3 17. Bxd3 Bxb2 18. Nd6 Bxa1 19. Nxe8 Qd8 20. Rxa1 Qxe8 21. Nd4 Ne5 22. Be2 Bg4 23. Rb1 Bxe2 24. Qxe2 Nc4 25. a4 {Nakamura,H (2736)-Firouzja,A (2749) Chess.com INT 2020 1-0 (51)}) ({RR} 10... a5 11. a3 d5 12. Nc3 e5 13. b5 e4 14. b6 Qb8 15. Nd2 h5 16. Re1 Nf8 17. Nf1 Be6 18. f3 exf3 19. Bxf3 Bf5 20. Ng3 Bg4 21. e4 dxe4 22. Ncxe4 Nxe4 23. Nxe4 Qf4 24. Bxg4 hxg4 25. g3 {Nakamura,H (2787)-Firouzja,A (2777) chess.com INT 2023 ½-½ (48)}) 11. Qd2 a5 12. cxd6 exd6 13. b5 N7f6 14. Nc3 Nxc3 15. Qxc3 Nd5 16. Qd2 a4 17. Ba3 Qd7 18. bxc6 bxc6 19. Rac1 Ba6 20. Bxa6 Rxa6 21. Rc4 h6 22. Rfc1 Nc7 23. h3 Nb5 24. Bb4 a3 25. Qd3 Ra4 26. Bd2 Rxc4 27. Rxc4 Ra8 28. Ne1 d5 29. Rc1 Nd6 30. Qc2 Nc4 31. Rb1 Bf8 32. Rb3 Ra7 33. Nd3 Rb7 34. Bc1 Bd6 35. Qb1 Na5 36. Rxb7 Qxb7 37. Qxb7 Nxb7 38. Bd2 c5 39. dxc5 Nxc5 40. Nxc5 Bxc5 41. Kf1 f5 42. Ke2 Kf7 43. Kd3 Ke6 44. f3 h5 45. Bc3 Kd6 46. Bg7 Kc6 47. Bd4 Bb4 48. Kc2 Kb5 49. Kb3 Bd6 50. Bc3 Bc5 51. Bd2 Kc6 52. Bc1 Kb5 53. Bxa3 Bxe3 54. Bb2 d4 55. a4+ Kc5 56. Ba3+ Kd5 57. Bb4 d3 58. Kc3 d2 59. Kc2 Kc4 60. Bxd2 Bd4 61. a5 Bc5 62. Kd1 Kd3 63. a6 Bb6 64. Bg5 Bf2 65. Bf4 Ba7 66. Bg3 Kc4 67. Ke2 Kb5 68. Bf2 Kxa6 69. Bxa7 Kxa7 70. Ke3 1-0

[Event "Titled Tue 14th Mar Early"]
[Site "chess.com INT"]
[Date "2023.03.14"]
[Round "9"]
[White "So, W."]
[Black "Martinez Alcantara, Jose Eduardo"]
[Result "1-0"]
[WhiteElo "2761"]
[BlackElo "2607"]
[PlyCount "93"]
[EventDate "2023.03.14"]

1. Nf3 c5 2. e3 Nf6 3. b3 e6 4. Bb2 Be7 5. g4 ({RR} 5. g3 O-O 6. Bg2 d5 7. O-O Nc6 8. Na3 b6 9. Qe2 Bb7 10. c4 Qd7 11. Rfd1 Rfd8 12. Rac1 d4 13. exd4 Nxd4 14. Bxd4 cxd4 15. Ne5 Qc8 16. Nc2 a5 17. d3 Bc5 18. Bxb7 Qxb7 19. Qf3 Qxf3 {Larino Nieto,D (2477)-Martinez Alcantara,J (2620) chess24.com INT 2020 0-1 (37)}) ({RR} 5. c4 O-O 6. Be2 b6 7. Qc2 Bb7 8. Ng5 g6 9. h4 Nc6 10. h5 e5 11. Nc3 h6 12. Nxf7 Rxf7 13. hxg6 Rf8 14. Rxh6 Kg7 15. Rh1 d6 16. O-O-O Qd7 17. a3 Rh8 18. Nd5 Rxh1 19. Rxh1 Rh8 {Foerster,J (2287)-Tiarks,J (2211) Germany 2022 1-0 (45)}) 5... O-O 6. g5 Ne8 7. h4 $146 ({RR} 7. Rg1 d6 8. d4 b6 9. Bd3 Bb7 10. Nbd2 Nd7 11. Rg3 g6 12. Qe2 cxd4 13. exd4 Nc7 14. h4 Qc8 15. c4 Re8 16. h5 Bf8 17. Ne4 Bxe4 18. Qxe4 Bg7 19. hxg6 hxg6 20. Kf1 d5 21. Qh4 b5 {Stopa,J (2482)-Carreto Nieto,G (2242) Los Angeles 2011 1-0}) 7... Nc6 8. Rg1 d5 9. Bb5 d4 10. Bxc6 bxc6 11. exd4 cxd4 12. Nxd4 Qd7 13. Qe2 a5 14. Nf3 a4 15. Ne5 Qc7 16. Ng4 axb3 17. axb3 Rxa1 18. Bxa1 Qa5 19. Qe5 Qa2 20. Qb2 Qa5 21. Qc3 Qa2 22. Ke2 Qa6+ 23. d3 c5 24. Nd2 Bb7 25. Nf6+ Bxf6 26. gxf6 g6 27. Qxc5 Nd6 28. Be5 Ne4 29. Nxe4 Bxe4 30. Qe3 Rc8 31. Qxe4 Rxc2+ 32. Kf3 Qa7 33. Qe3 Qb7+ 34. Kg3 Qd5 35. Rg2 h5 36. f3 Rc8 37. b4 Qb5 38. Rb2 Kh7 39. d4 Qf1 40. Qf2 Qc1 41. b5 Qa1 42. b6 Rc1 43. b7 Rg1+ 44. Kh2 Rh1+ 45. Kg2 Rxh4 46. Bh2 Qc1 47. b8=Q 1-0

[Event "Titled Tue 14th Mar Late"]
[Site "chess.com INT"]
[Date "2023.03.14"]
[Round "8"]
[White "Nakamura, Hi"]
[Black "Khismatullin, D."]
[Result "1-0"]
[WhiteElo "2768"]
[BlackElo "2594"]
[PlyCount "103"]
[EventDate "2023.03.14"]

1. Nf3 Nf6 2. b3 d5 3. Bb2 Bg4 4. g3 Bxf3 5. exf3 e6 6. Bg2 g6 ({RR} 6... c5 7. O-O Nc6 8. d3 g6 9. f4 Bg7 10. Nd2 O-O 11. Nf3 b5 12. Ne5 Rc8 13. c4 a6 14. Rc1 Qb6 15. Nxc6 Rxc6 16. Bxf6 Bxf6 17. cxd5 exd5 18. Bxd5 Rd6 19. Be4 Bd4 20. f5 Rf6 21. Qg4 {Sanal,V (2601)-Andreikin,D (2724) Chess.com INT 2022 0-1 (135)}) ({RR} 6... Be7 7. O-O O-O 8. f4 c6 9. c4 Nbd7 10. d3 Rc8 11. Nd2 a5 12. Nf3 Qb6 13. Qe2 Rfe8 14. Kh1 c5 15. Ne5 d4 16. Qf3 Rc7 17. g4 a4 18. Rab1 Ra8 19. Qg3 axb3 20. axb3 Qxb3 21. Bxd4 {Rey Martinez,J (2302)-Baylav,C (2056) chess.com INT 2025 1-0 (32)}) 7. O-O Bg7 8. c4 $146 ({RR} 8. Ba3 Bf8 9. c4 c6 10. d4 Bxa3 11. Nxa3 O-O 12. Nc2 a5 13. Qd2 Nbd7 14. Rfe1 Kg7 15. Rac1 a4 16. c5 axb3 17. axb3 Ra2 18. Ra1 Rxa1 19. Rxa1 b6 20. b4 Qb8 21. Qc3 Qb7 22. Qa3 Rb8 {Bykov,E (2436)-Medzinovskiy,P (2179) Moscow 2021 1-0 (51)}) 8... O-O 9. f4 Nc6 10. Nc3 dxc4 11. bxc4 Qd3 12. Re1 Rfd8 13. Nb5 Qxc4 14. a4 a6 15. Rc1 Qb4 16. Bc3 Qe7 17. Bxc6 axb5 18. Bxb5 c6 19. Bc4 Nd5 20. Bxg7 Kxg7 21. Qb3 Rd7 22. Rb1 Nf6 23. d3 Qd6 24. Qc2 Ra5 25. Rb2 Rc5 26. Qb1 Qc7 27. Qa1 Ra5 28. Ra2 h5 29. h4 Qd8 30. Rb1 Kh7 31. Qc3 Ng4 32. Bb3 Qb6 33. Rab2 Qa7 34. Bd1 Nh6 35. Rxb7 Rxb7 36. Rxb7 Qxb7 37. Qxa5 Qb1 38. Qd2 Nf5 39. Kg2 Qa1 40. a5 Nd4 41. Bf3 Kg7 42. Be4 Kh7 43. Bf3 Kg7 44. Bd1 Kh7 45. Qb4 Kg7 46. Qa4 Qc3 47. a6 Qxd3 48. a7 Qe4+ 49. f3 Qe3 50. a8=Q Qd2+ 51. Kh3 Qe1 52. Qxd4+ 1-0

[Event "Bundesliga 2022-23"]
[Site "Hamburg GER"]
[Date "2023.03.18"]
[Round "10.7"]
[White "Kamsky, G."]
[Black "Engel, Luis"]
[Result "1-0"]
[WhiteElo "2666"]
[BlackElo "2555"]
[PlyCount "103"]
[EventDate "2022.10.22"]
[WhiteTeam "Schachfreunde Deizisau"]
[BlackTeam "Hamburger SK"]

1. Nf3 d5 2. g3 Nc6 3. d4 Bf5 4. c3 Qd7 ({RR} 4... e6 5. Bg2 Be7 6. O-O Nf6 7. Nbd2 h6 8. b4 O-O 9. Nb3 Ne4 10. Bd2 a5 11. b5 Nb8 12. a4 Nd7 13. Qc1 Nb6 14. Ne5 Bf6 15. Nd3 Nc4 16. Bf4 b6 17. Re1 Ng5 18. Be5 Rc8 19. Nd2 {Kunte,A (2491)-Carlsen,M (2838) Chess.com INT 2017 0-1 (44)}) 5. Bf4 ({RR} 5. h3 f6 6. Nbd2 e5 7. Nb3 e4 8. Nh4 Be6 9. Nc5 Bxc5 10. dxc5 O-O-O 11. Be3 Nge7 12. Qa4 Kb8 13. Rd1 g5 14. Ng2 Bxh3 15. b4 a6 16. b5 axb5 17. Qxb5 Ne5 18. Qb4 Be6 19. Rb1 Qc6 {Ronka,E (2305)-Grandelius,N (2653) chess.com INT 2024 0-1 (31)}) 5... O-O-O 6. b4 $146 ({RR} 6. a4 f6 7. h4 Re8 8. b4 e5 9. Be3 exd4 10. Nxd4 Bxb1 11. Qxb1 Nxd4 12. Bxd4 Kb8 13. Bh3 Qd8 14. b5 Bd6 15. a5 Be5 16. Qd3 Qe7 17. e3 Bxd4 18. Qxd4 Qe4 19. Ke2 Qxd4 20. cxd4 Ne7 {Riess,A (1510)-Laubrock,P (1599) Verden 2012 ½-½ (47)}) 6... f6 7. b5 Na5 8. Qa4 b6 9. h4 Kb8 10. Nbd2 Nh6 11. Bxh6 gxh6 12. h5 Rg8 13. Nh4 Bg4 14. Bg2 Bxh5 15. e3 e5 16. Rb1 Qe6 17. Bf3 Be8 18. Qc2 Rg5 19. a4 Bd6 20. Be2 exd4 21. cxd4 f5 22. Ndf3 Rg8 23. Nxf5 Bg6 24. N3h4 h5 25. Nxg6 hxg6 26. Nxd6 cxd6 27. Bd3 Rc8 28. Qe2 Rc3 29. Rd1 Nb3 30. O-O Rgc8 31. Qf3 Nc1 32. Bb1 R3c7 33. Rfe1 h4 34. gxh4 g5 35. hxg5 Nb3 36. Qf5 Qg8 37. f4 Qh8 38. Kg2 Qh5 39. g6 Qh4 40. Rh1 Qe7 41. Rh3 Rc3 42. Qf7 Rc2+ 43. Bxc2 Rxc2+ 44. Kg1 Qe4 45. Rh8+ Rc8 46. Rxc8+ Kxc8 47. g7 Qxe3+ 48. Kg2 Qe2+ 49. Kg3 Qe3+ 50. Kg4 Qe2+ 51. Kg5 Qg2+ 52. Kf6 1-0

[Event "TCh-ISL Kvika 2022-23"]
[Site "Reykjavik ISL"]
[Date "2023.03.18"]
[Round "8.1"]
[White "Thybo, Jesper Sondergaard"]
[Black "Lomasov, Semyon"]
[Result "1-0"]
[WhiteElo "2509"]
[BlackElo "2546"]
[PlyCount "73"]
[EventDate "2022.10.13"]
[WhiteTeam "Skakdeild Fjolnis"]
[BlackTeam "Skakdeild KR"]

1. Nf3 d5 2. g3 Nf6 3. Bg2 c5 4. O-O e6 5. d4 cxd4 6. Nxd4 e5 7. Nb3 Be6 8. Nc3 Be7 9. f4 exf4 10. gxf4 g6 11. Kh1 Nc6 12. Be3 O-O 13. Nd4 Nxd4 14. Bxd4 Bf5 15. Bxf6 Bxf6 16. Nxd5 Re8 17. c3 Bg7 18. e3 Rc8 $146 ({RR} 18... Qa5 19. Qb3 Qc5 20. Rad1 Rad8 21. Qxb7 Rb8 22. b4 Qc4 23. Ne7+ Kh8 24. Qc6 Be6 25. f5 gxf5 26. Nxf5 Bxc3 27. Rc1 Qxc6 28. Bxc6 Bxb4 29. Bxe8 Bd5+ 30. Kg1 Rxe8 31. Kf2 Bxa2 32. Ra1 Be6 33. Nd4 {Romanishin,O (2530)-Perunovic,M (2589) Kavala 2008 ½-½ (41)}) 19. Qa4 a6 20. Rad1 Qd6 21. e4 b5 22. Qc2 Bg4 23. Rd2 Qc5 24. f5 Be5 25. Rdf2 gxf5 26. exf5 Kh8 27. Qd2 Rcd8 28. Qh6 Bg7 29. Qh4 Rxd5 30. Qxg4 Rde5 31. f6 Bh6 32. Qd7 Qf8 33. Rf5 Re2 34. Bd5 Rxb2 35. Rh5 Be3 36. Bxf7 Rd8 37. Qe7 1-0

[Event "American Cup Champ"]
[Site "Saint Louis USA"]
[Date "2023.03.26"]
[Round "5.4"]
[White "Nakamura, Hi"]
[Black "So, W."]
[Result "1-0"]
[WhiteElo "2768"]
[BlackElo "2761"]
[PlyCount "37"]
[EventDate "2023.03.17"]
[EventType "k.o."]

1. Nf3 d5 2. e3 Nf6 3. c4 e6 4. b3 Be7 5. Bb2 O-O 6. Nc3 c5 7. cxd5 exd5 8. Rc1 d4 ({RR} 8... Nc6 9. Na4 Nd7 10. d4 cxd4 11. Nxd4 Nxd4 12. Qxd4 Nf6 13. Bd3 Be6 14. O-O Ne8 15. Qf4 Bd6 16. Be5 Bxe5 17. Qxe5 Rc8 18. Nc5 Qe7 19. Nxe6 Rxc1 20. Rxc1 fxe6 21. e4 dxe4 22. Bxe4 Nd6 23. Bd3 {Demchenko,Y (2201)-Herrera,J (2230) chess.com INT 2025 1-0}) 9. Na4 dxe3 10. fxe3 b6 11. Be2 $146 ({RR} 11. Bb5 Ba6 12. Bxa6 Nxa6 13. O-O Nb4 14. Ne5 Nd7 15. Nxf7 Rxf7 16. Rxf7 Kxf7 17. a3 Nd3 18. Qh5+ Kf8 19. Rf1+ Bf6 20. Ba1 h6 21. Nc3 N3e5 22. Nd5 Nf7 23. e4 Qe8 24. Qf5 Bxa1 25. Nc7 Qe7 {Erigaisi,A (2778)-So,W (2752) chess.com INT 2024 ½-½ (33)}) 11... Nd5 12. O-O Nc6 13. Qe1 Bb7 14. Qg3 Bf6 15. Bxf6 Nxf6 16. Nc3 Nb4 17. Ne5 Qxd2 18. Rfd1 Qb2 19. Nc4 1-0

[Event "Titled Tue 21st Mar Early"]
[Site "chess.com INT"]
[Date "2023.03.21"]
[Round "2"]
[White "Kramnik, V."]
[Black "Tregubov, P."]
[Result "1-0"]
[WhiteElo "2753"]
[BlackElo "2556"]
[PlyCount "59"]
[EventDate "2023.03.21"]

1. Nf3 d5 2. g3 c5 3. Bg2 Nc6 4. d4 Nf6 5. O-O cxd4 6. Nxd4 e5 7. Nxc6 bxc6 8. c4 Be6 9. Bg5 Rc8 10. Bxf6 ({RR} 10. Qa4 Qd7 11. Bxf6 gxf6 12. e3 Rb8 13. cxd5 cxd5 14. Qxd7+ Kxd7 15. Nc3 d4 16. exd4 Rxb2 17. Rfd1 Bb4 18. Na4 Rxa2 19. d5 Bg4 20. Rxa2 Bxd1 21. Nb2 Be2 22. Rxa7+ Kd6 23. Rxf7 Ra8 24. Rxf6+ Ke7 {Ding,L (2799)-Caruana,F (2820) chess24.com INT 2021 ½-½ (62)}) ({RR} 10. Qa4 Qd7 11. Nc3 d4 12. Rad1 Ng4 13. Bc1 Be7 14. e3 O-O 15. exd4 exd4 16. Ne4 c5 17. Qxd7 Bxd7 18. Bf4 Be6 19. b3 Rfd8 20. Rfe1 h6 21. h3 g5 22. Bd2 Nf6 23. Ba5 Rd7 24. Nd2 Bd8 {Bacrot,E (2672)-Tregubov,P (2553) Asnieres-sur-Seine FRA 2023 1-0 (64)}) 10... gxf6 11. e3 $146 ({RR} 11. Qa4 Qd7 12. e3 d4 13. exd4 exd4 14. Nd2 c5 15. Qd1 Bd6 16. Re1 h5 17. Qf3 Qe7 18. Ne4 Be5 19. Qa3 Kf8 20. f4 Bb8 21. Qd3 h4 22. Rf1 Kg7 23. Rae1 Qb7 24. b3 Bf5 25. Qf3 Rh6 {Levin,G (2435)-Godart,F (2377) Vrnjacka Banja SRB 2024 ½-½}) 11... Be7 12. cxd5 cxd5 13. Nc3 d4 14. exd4 exd4 15. Ne2 d3 16. Nf4 Bf5 17. Re1 O-O 18. Be4 d2 19. Bxf5 dxe1=Q+ 20. Qxe1 Rc5 21. Rd1 Re5 22. Qf1 Qa5 23. Bd3 Rd8 24. a3 Qb6 25. b4 f5 26. Bc4 a5 27. Nd5 Qa7 28. b5 Qc5 29. Qd3 Rd6 30. Nxe7+ 1-0

[Event "Titled Tue 21st Mar Early"]
[Site "chess.com INT"]
[Date "2023.03.21"]
[Round "5"]
[White "Praggnanandhaa, R."]
[Black "Kosteniuk, A."]
[Result "1-0"]
[WhiteElo "2691"]
[BlackElo "2536"]
[PlyCount "57"]
[EventDate "2023.03.21"]

1. Nf3 Nf6 2. b3 b6 3. Bb2 Bb7 4. e3 e6 5. Be2 Be7 6. O-O O-O 7. c4 d5 8. d4 c5 9. Nbd2 Nc6 ({RR} 9... Nbd7 10. Rc1 Rc8 11. Ne5 Rc7 12. f4 Qa8 13. Bf3 Rd8 14. Qe1 cxd4 15. exd4 Nf8 16. Qe3 Rdc8 17. Nb1 dxc4 18. bxc4 Bxf3 19. Rxf3 Ne4 20. Ba3 Nd6 21. Bxd6 Bxd6 22. Nd2 Bb4 23. f5 f6 24. Ng4 {Sinanovic,M (2400)-Lenic,L (2640) Sibenik 2012 0-1 (41)}) ({RR} 9... Nbd7 10. Rc1 Rc8 11. Rc2 Rc7 12. dxc5 Nxc5 13. Qa1 Qa8 14. Rfc1 Rfc8 15. Be5 Rd7 16. Bd4 Rdc7 17. Be5 Rd7 18. cxd5 Rxd5 19. Bd4 Rdd8 20. h3 Nce4 21. Nxe4 {½-½ (21) Noe,C (2515)-Dobrikov,M (2407) Germany GER 2025}) 10. dxc5 bxc5 $146 ({RR} 10... Bxc5 11. Ne5 Nxe5 12. Bxe5 Nd7 13. Bc3 e5 14. Nf3 dxc4 15. Bxc4 e4 16. Nd4 Re8 17. Qh5 Qf6 18. Rac1 Qg6 19. Qh3 Ne5 20. Bb5 Red8 21. Kh1 a6 22. Be2 Bc8 23. Qh4 Bg4 24. Bxa6 Bxd4 25. exd4 {Alonso Centeno,J-De Andres Trelles,F Valladolid 1981 0-1 (39)}) 11. cxd5 exd5 12. Rc1 d4 13. Nc4 Qd5 14. exd4 cxd4 15. Bxd4 Nxd4 16. Qxd4 Rad8 17. Qxd5 Nxd5 18. Na5 Ba8 19. Nc6 Bxc6 20. Rxc6 a5 21. Bc4 Bb4 22. g3 Rfe8 23. Rd1 Ne7 24. Rxd8 Rxd8 25. Rc7 g6 26. Ne5 Rd2 27. a4 Nd5 28. Rd7 Nf6 29. Rxf7 1-0

[Event "Titled Tue 21st Mar Early"]
[Site "chess.com INT"]
[Date "2023.03.21"]
[Round "7"]
[White "Praggnanandhaa, R."]
[Black "Basso, Pier Luigi"]
[Result "1-0"]
[WhiteElo "2691"]
[BlackElo "2522"]
[PlyCount "61"]
[EventDate "2023.03.21"]

1. g3 d5 2. Nf3 g6 3. h4 ({RR} 3. c4 Bg7 4. cxd5 Qxd5 5. Nc3 Qd8 6. Bg2 c5 7. d3 Nh6 8. O-O Nf5 9. Bd2 Nd7 10. Rc1 Rb8 11. a3 b6 12. Qa4 Bb7 13. Bf4 Ra8 14. b4 O-O 15. Ne4 cxb4 16. axb4 Nf6 17. Rfd1 Nd5 {Grandelius,N (2655)-Nakamura,H (2760) Chess.com INT 2022 0-1 (38)}) 3... h5 $146 ({RR} 3... Nf6 4. b3 Bg7 5. Bb2 c5 6. Bg2 Nc6 7. d3 d4 8. c3 e5 9. cxd4 cxd4 10. a4 O-O 11. Nbd2 Bg4 12. Rc1 Nd5 13. O-O Re8 14. Ng5 Rc8 15. Nc4 h6 16. Ne4 Bf8 17. Kh2 Be6 18. e3 {Khotenashvili,B (2485)-Stefanova,A (2433) Xi'an CHN 2023 1-0 (58)}) 4. Bg2 Bg7 5. O-O Nf6 6. d3 O-O 7. Nbd2 b6 8. e4 dxe4 9. dxe4 Bb7 10. Ng5 Ng4 11. c3 e5 12. Ndf3 Qe7 13. Nh2 Nxh2 14. Kxh2 Nd7 15. Be3 Nc5 16. Qc2 Rad8 17. Bh3 a5 18. b4 axb4 19. cxb4 Nd3 20. a3 Rd6 21. Rad1 Rfd8 22. Rd2 Ba6 23. Rfd1 Bf8 24. Qb3 c5 25. b5 c4 26. Qxc4 Nb2 27. Rxb2 Bxb5 28. Qxf7+ Qxf7 29. Nxf7 Rxd1 30. Nxd8 Bd3 31. Bg2 1-0

[Event "Titled Tue 21st Mar Early"]
[Site "chess.com INT"]
[Date "2023.03.21"]
[Round "7"]
[White "Jones, G."]
[Black "Kramnik, V."]
[Result "1-0"]
[WhiteElo "2618"]
[BlackElo "2753"]
[PlyCount "97"]
[EventDate "2023.03.21"]

1. Nf3 Nf6 2. g3 b5 3. Bg2 Bb7 4. Na3 a6 5. c4 e6 6. cxb5 ({RR} 6. b3 bxc4 7. Nxc4 Be7 8. Bb2 O-O 9. Na5 Bxf3 10. Bxf3 d5 11. O-O c6 12. b4 Bxb4 13. Nb3 Nbd7 14. Qc2 Rc8 15. d3 Bd6 16. e4 Qe7 17. Bg2 Ba3 18. Bc3 Rfd8 19. Rfd1 Bb4 20. Bb2 Ba3 {Kazakouski,V (2606)-Andreikin,D (2729) chess.com INT 2024 ½-½ (42)}) ({RR} 6. b3 c6 7. O-O Be7 8. Bb2 O-O 9. d4 d5 10. e3 Nbd7 11. Nc2 Ne4 12. a4 bxc4 13. bxc4 a5 14. Ne5 Nxe5 15. dxe5 Ba6 16. Nd4 Qb6 17. Qc2 Nc5 18. Ba3 Rac8 19. Rfb1 Qc7 20. cxd5 cxd5 {Shoker,S (2446)-Coppola,C (2220) Montevideo URU 2025 0-1 (45)}) 6... Bxa3 7. bxa6 Rxa6 8. bxa3 d6 $146 ({RR} 8... O-O 9. O-O Nc6 10. d3 Qa8 11. Bb2 Rb8 12. e4 Ne8 13. Qc2 Na7 14. Nd4 d6 15. f4 c5 16. Nb3 Nb5 17. f5 e5 18. Nd2 Nxa3 19. Bxa3 Rxa3 20. Nc4 Ra6 21. Rfb1 Bc6 22. Rxb8 Qxb8 23. Rb1 {Bartholomew,J (2443)-Vibbert,S (2313) Las Vegas 2015 ½-½ (35)}) 9. O-O Nbd7 10. d3 O-O 11. Bb2 Qa8 12. Rc1 c5 13. e4 Rb8 14. Rc2 Bc6 15. Qa1 h6 16. h4 Ra4 17. Re1 Qa6 18. Bf1 Bb5 19. e5 Ne8 20. exd6 Bxd3 21. Ne5 Nxe5 22. Bxe5 Rd8 23. Bxd3 Qxd3 24. Rxc5 f6 25. Rd1 Qxa3 26. Rc3 Qxa2 27. Qxa2 Rxa2 28. d7 Raa8 29. Bf4 e5 30. dxe8=Q+ Rxe8 31. Be3 Re7 32. Rdc1 h5 33. Rc7 Rxc7 34. Rxc7 Kh7 35. Kg2 Kg6 36. Kf3 Rb8 37. Ke4 Ra8 38. Kd5 Rb8 39. Bc5 Re8 40. Bd6 Ra8 41. f4 exf4 42. gxf4 Re8 43. Rd7 Ra8 44. Ke6 Re8+ 45. Re7 Ra8 46. f5+ Kh7 47. Rd7 Re8+ 48. Kf7 Ra8 49. Bf8 1-0

[Event "Titled Tue 21st Mar Late"]
[Site "chess.com INT"]
[Date "2023.03.21"]
[Round "1"]
[White "Hansen, Eric"]
[Black "Maurizzi, Marc'Andria"]
[Result "1-0"]
[WhiteElo "2609"]
[BlackElo "2535"]
[PlyCount "53"]
[EventDate "2023.03.21"]

1. Nf3 d5 2. g3 Nd7 3. Bg2 e5 4. d3 Ngf6 5. O-O Be7 6. c4 dxc4 7. dxc4 c6 8. Nc3 O-O 9. Qc2 Qc7 10. Rd1 Re8 11. Nh4 ({RR} 11. a3 a5 12. Rb1 h6 13. h3 Nb6 14. b3 a4 15. Nxa4 Nxa4 16. bxa4 e4 17. Bf4 Qa5 18. Nd2 Qxa4 19. Rb3 Bf5 20. Be3 b5 21. cxb5 cxb5 22. Qc6 Be6 23. Rbb1 Nd5 24. Nxe4 Nxe3 25. fxe3 Qxa3 {Svidler,P (2760)-Morozevich,A (2665) Moscow 2018 1-0 (50)}) ({RR} 11. h3 a5 12. Be3 Nc5 13. Na4 Nxa4 14. Qxa4 Bf5 15. Nd2 Nd7 16. Ne4 Bxe4 17. Bxe4 Nc5 18. Qc2 Nxe4 19. Qxe4 g6 20. g4 Rad8 21. Kg2 b6 22. h4 Bc5 23. Bg5 Be7 24. Bxe7 Qxe7 25. g5 Rd6 {Nanu,C (2520)-Lupulescu,C (2582) Sebes ROU 2023 0-1 (47)}) 11... Bf8 $146 ({RR} 11... g6 12. Rb1 a5 13. a3 Nb6 14. Na4 Nxa4 15. Qxa4 Be6 16. Qc2 a4 17. h3 b5 18. b3 axb3 19. Rxb3 Bxc4 20. Rc3 Ra4 21. Bb2 Nd5 22. Rf3 Bf8 23. e4 Nb6 24. Qd2 Be6 25. Bf1 Nc4 26. Bxc4 {Kovacic,M (2143)-Lukic,B (2180) Belgrade 2014 0-1 (43)}) 12. b3 a5 13. Nf5 Nc5 14. Bg5 Nfd7 15. Rd2 Ne6 16. Be3 Nf6 17. h3 g6 18. Nh6+ Kg7 19. Rad1 Nd4 20. Qc1 Be6 21. Bg5 Ng8 22. Nxg8 Kxg8 23. Ne4 Bg7 24. Nf6+ Bxf6 25. Bxf6 Bf5 26. Rxd4 Re6 27. Rd8+ 1-0